000 00654nam a2200229Ia 4500
003 OSt
005 20221007080055.0
006 a|||||r|||| 00| 0
007 ta
008 221006b |||||||| |||| 00| 0 eng d
024 _a11,549
037 _cTextual
040 _aFLL
_cFLL
_beng
041 _2eng
_aeng
082 _aV2.N39-N17, M7
100 _aAhmed M. Au.
_9694591
245 0 _aBritish labour party and Indian independence movement 1917-1939
260 _aNew Delhi
_bSterling publishers pvt ltd. India
_c1987
300 _a215p
_ccm.
942 _hV2.N39-N17, M7
_cTEXL
_2CC
999 _c1158284
_d1158284